| 000 | 01105cam a2200217 4500 | ||
|---|---|---|---|
| 001 | ##L128788 | ||
| 008 | 050214n2004 000 0 eng u | ||
| 020 | _a1901956725 | ||
| 035 | _a(Sirsi) u128788 | ||
| 041 | 0 | _aeng | |
| 050 | 0 | 4 | _a336.21026 $2 18 |
| 240 | 2 | _aInstitute of Revenues, Rating and Valuation | |
| 245 |
_aRating law and practice _bEngland and Wales |
||
| 260 |
_aLondon _bIRRV _c2004 |
||
| 300 |
_a1 _fv (loose-leaf) _c23cm. |
||
| 505 | 2 | _aAdministration of the non-domestic rate -- Exemptions from rates: occupied hereditaments -- Occupied hereditaments: liabilty -- Unoccupied hereditaments: liability and exemptions -- Liability: calculation -- Overpayments and calculation of interest -- Rating reliefs -- Billing and collections -- Enforcement -- Valuation and rating lists -- Appeals and the valuation tribunal -- Insolvency and debt administration -- Accounts of billing authorities, funds, precepts and grants. | |
| 520 | _aPractical guide to all aspects of the council tax. Table of cases. | ||
| 650 | 2 | 4 | _aCOUNCIL TAX |
| 690 | _aPROPERTY-PROPERTY TAXATION | ||
| 942 | _n0 | ||
| 999 |
_c104016 _d104016 |
||